Auburn Bowl History Opponents - Statistics

General Stats
  • This quiz has been taken 148 times
  • The average score is 29 of 44
Answer Stats
Bowl Game Team % Correct
Sugar Bowl Florida State
89%
BCS Championship Florida State
89%
BCS Championship Oregon
89%
Sugar Bowl Oklahoma
84%
Sugar Bowl Oklahoma
84%
Sugar Bowl Michigan
82%
Citrus Bowl Michigan
82%
Gator Bowl Texas
82%
Outback Bowl Minnesota
81%
Hall of Fame Bowl Ohio State
77%
Citrus Bowl USC
76%
Peach Bowl Clemson
75%
Chick-Fil-A Bowl Clemson
75%
Outback Bowl Penn State
74%
Capital One Bowl Penn State
74%
Orange Bowl Michigan State
71%
Chick-Fil-A Bowl Virginia
71%
Music City Bowl Wisconsin
71%
Capital One Bowl Wisconsin
71%
Outback Bowl Wisconsin
71%
Peach Bowl Indiana
67%
Orange Bowl Nebraska
67%
Cotton Bowl Nebraska
67%
Cotton Bowl Texas A&M
66%
Music City Bowl Purdue
65%
Sun Bowl Arizona
64%
Gator Bowl Colorado
64%
Gator Bowl Texas Tech
64%
Sugar Bowl Virginia Tech
64%
Sun Bowl Missouri
61%
Peach Bowl North Carolina
60%
Outback Bowl Northwestern
59%
Bluebonnet Bowl Houston
58%
Liberty Bowl Arkansas
57%
Sugar Bowl Syracuse
57%
Peach Bowl UCF
56%
Birmingham Bowl Memphis
54%
Gator Bowl Baylor
53%
Tangerine Bowl Boston College
49%
Independence Bowl Army
43%
Gator Bowl Vanderbilt
31%
Liberty Bowl Ole Miss
28%
Gator Bowl Ole Miss
28%
Bacardi Bowl Villanova
11%
No matching quizzes found
Score Distribution
Percent of People with Each Score
Percentile by Number Answered
Your Score History
You have not taken this quiz